000 00384nam a2200145Ia 4500
005 20250729165721.0
008 250729s2012 xx 000 0 und d
041 _akan
082 _a494.507 KARS
100 _aKarnataka Govt
_9231279
245 _aSiri kannada - 8th Std
260 _aBangalore
_bKarnataka Patya Pusthaka Sangha
_c2012
300 _a144p
650 _aKannada
_9231280
999 _c239202
_d239202